000 00429cam a2200169ua 4500
020 _c1.50
041 _amal
_h
082 _a894.8122
_bBRA/VA
100 _aBrahmavrathan , Swami .
245 _aValiya Patathalavan Iravikuttipilla /
_cSwami Brahmavrathan.
_hTextual Documents
260 _aCalicut :
_bP.K.Brothers ,
_c1958.
300 _a147 ; .
365 _a1.50
504 _a
942 _cBK
999 _c805
_d805